Persona 3-5 Soundtrack Quiz - Statistics

General Stats
  • This quiz has been taken 341 times
    91 since last reset
  • The average score is 98 of 946
Answer Stats
Origin No. Name % Correct
54 Burn My Dread | Last Battle
79%
Persona 3 1 Burn My Dread
77%
12 Burn My Dread | Last Battle Futuristic
77%
21 Burn My Dread | Novoiski Remix
77%
48 Burn My Dread | Opening version
77%
16 Mass Destruction
76%
8 Mass Destruction | P3 FES Reload
76%
7 Mass Destruction | P3 FES version
76%
15 Mass Destruction | P3 + P3F / P3P version
76%
43 Mass Destruction | Persona Music FES 2013
76%
27 Mass Destruction | Tetsuya Kobayashi Remix
76%
17 Last Surprise
70%
12 Last Surprise | Jazztronik Remix
70%
29 Last Surprise | P5S version
70%
9 Last Surprise | Taku Takahashi Remix
70%
29 Beneath the Mask
59%
9 Beneath the Mask | Instrumental version
59%
7 Beneath the Mask | KAIEN Remix
59%
48 Beneath the Mask | Rain
59%
79 Beneath the Mask | Rain | Instrumental version
59%
30 It's Going Down Now
58%
Persona 5 1 Wake Up, Get Up, Get Out There
56%
97 Wake Up, Get Up, Get Out There | Instrumental version
56%
2 Wake Up, Get Up, Get Out There | Jazztronik Remix
56%
110 Wake Up, Get Up, Get Out There | Opening Movie version
56%
64 Heart
55%
16 Color Your Night
54%
7 | 8 Shadow
54%
Persona 3 Reload 1 Full Moon Full Life
52%
60 Full Moon Full Life | Opening Movie version
52%
42 Heaven
51%
27 Heaven | ATLOS Remix
51%
12 Heaven | Norihiko Hibino Remix
51%
12 | 37 Memory
51%
100 Rivers in the Desert
51%
98 Rivers in the Desert | Instrumental version
51%
5 Rivers in the Desert | mito Remix
51%
33 Rivers in the Desert | P5S version
51%
40 Rivers in the Desert | P5S version | Instrumental version
51%
13 Rivers in the Desert | Persona Super Live P-Sound Bomb !!!! 2017
51%
3 Take Over
51%
4 Time
49%
22 Time | ATLUS Kozuka Remix
49%
4 Life Will Change
46%
11 Life Will Change | ATLUS Megouro Remix
46%
60 Life Will Change | Game Symphony Japan by Tokyo Chamber Orchestra
46%
24 Life Will Change | Instrumental version
46%
29 Life Will Change | Instrumental version | inside the Cinema
46%
57 Memories of You
46%
30 Memories of You | ATLUS Meguro Remix
46%
11 Memories of You | Winer of Rebirth version
46%
33 Changing Seasons
45%
Persona 4 Golden 1 Shadow World
45%
15 Shadow World | ATLUS Kozuka Remix
45%
23 Shadow World | De De Mouse Shadow Swing Remix
45%
56 Shadow World | Opening version
45%
88 The Whims of Fate
45%
55 The Whims of Fate | Persona Super Live P-Sound Bomb !!!! 2017
45%
6 The Whims of Fate | Yukihiro Fukutomi Remix
45%
7 Don't
44%
8 I Believe
42%
2 Time to Make History
39%
11 Time to Make History | Akira Yamaoka Remix
39%
Persona 5: Royal 1 Colors Flying High | Opening Movie version
38%
17 I'll Face Myself | Battle
38%
Persona 4 1 Pursuing My True Self
38%
5 Pursuing My True Self | ATLUS Kozuka Remix
38%
54 Pursuing My True Self | Opening version
38%
17 Pursuing My True Self | Shinichi Osawa Remix
38%
25 Reach Out to the Truth
38%
20 Reach Out to the Truth | Dancing on Persona Stage
38%
11 Reach Out to the Truth | First Battle
38%
26 Reach Out to the Truth | Instrumental version
38%
Persona 4 Arena 1 Reach Out to the Truth | P4 Arena version
38%
24 Reach Out to the Truth | Persona Music FES 2013
38%
29 Heartbeat, Heartbreak
37%
4 Heartbeat, Heartbreak | Never More version
37%
18 Heartbeat, Heartbreak | Towa Tei Remix
37%
13 Iwatodai Dorm
37%
2 | 4 | 84 Aria of the Soul
35%
27 Specialist
35%
2 Specialist | Never More version
35%
2 A Way of Life
34%
24 A Way of Life | ATLUS Kitajoh Remix
34%
10 A Way of Life | Deep Inside my Mind Remix
34%
19 Deep Breath Deep Breath
34%
19 Deep Breath Deep Breath | Yuu Miyake Remix
34%
10 SNOWFLAKES
34%
7 SNOWFLAKES | Narasaki Remix
34%
14 SNOWFLAKES | Powder Snow mix
34%
Persona 4: Dancing All Night 1 Dance!
32%
38 Dance! | Opening version
32%
18 I'll Face Myself
32%
50 I'll Face Myself | Another version
32%
6 Signs of Love
32%
10 Signs of Love | Never More version
32%
8 Signs of Love | TK Remix
32%
5 Want To Be Close
32%
17 Want to Be Close | ATLOS Remix
32%
59 When Mother Was There
32%
58 When Mother Was There | Another version
32%
5 Wiping All Out
32%
23 Wiping All Out | ATLUS Kozuka Remix
32%
8 Your Affection
32%
19 Your Affection | Daisuke Asakura Remix
32%
3 Your Affection | Never More version
32%
23 Layer Cake
31%
13 Persona
31%
3 Persona | monologue
31%
14 Persona | Reload
31%
52 Price
31%
53 Price | Another version
31%
37 Tokyo Daylight
31%
44 A Woman
30%
45 A Woman | Another version
30%
7 Gentle Madman
30%
9 Throw Away Your Mask
30%
39 Mementos
28%
6 Mementos | inside the Cinema
28%
2 Royal Days
28%
13 | 24 Awakening
27%
26 Blooming Villain
27%
3 Blooming Villain | ATLUS Konishi Remix
27%
11 Blooming Villain | P5S version
27%
27 | 28 Joy
27%
53 Joy | inside the Cinema
27%
14 JOY | in the Labyrinth
27%
6 Sun
27%
69 Sweet
27%
20 Tokyo Emergency
27%
12 When the Moon's Reaching Out Stars
27%
16 When the Moon's Reaching Out Stars | Hideki Naganuma Remix
27%
21 Confession / Secret
25%
22 Confession / Secret | Piano version
25%
4 Daredevil
25%
51 Never More
25%
20 P3 FES | Reload
25%
17 Axe to Grind
24%
6 Backside of the TV | Lotus Juice Remix
24%
15 Castle
24%
6 Maze
24%
Persona 3 FES 1 P3 FES
24%
52 P3 FES | Opening version
24%
38 Butterfly Kiss
23%
35 Master of Tartarus
23%
Persona Q: Shadow of the Labyrinth 1 MAZE OF LIFE
23%
59 Maze of Life | Opening version
23%
10 Our Light
23%
48 The Almighty
23%
34 The Fog
23%
14 Will Power
23%
8 Will Power | President Remix
23%
54 Keeper of Lust
21%
26 Keeper of Lust | P5S version
21%
20 Master of Shadow
21%
46 | 47 Memories of the City
21%
2 Phantom
21%
Persona Q2: New Cinema Labyrinth 1 ROAD LESS TAKEN
21%
41 Secret Base
21%
32 You Are Stronger | Instrumental version
21%
Persona 5 Strikers 1 You Are Stronger | Opening Movie version
21%
18 Brand New Days | Reload
20%
Persona 4 Arena Ultimax 1 Break Out Of...
20%
34 Break Out Of... | ATLUS Kitajoh Remix
20%
27 Break Out Of... | Free mix
20%
2 Break Out Of... | Instrumental
20%
57 Break Out Of... | Opening version
20%
Persona 3 Reload: Episode Aigis 1 Disconnected
20%
19 Disconnected | Opening Movie Version
20%
31 Game
20%
12 | 13 Heartful Cry
20%
25 Heartful Cry | ATLUS Konishi Remix
20%
12 Heartful Cry | in Mayonaka Arena
20%
16 King, Queen, and Slaves
20%
15 King, Queen, and Slaves | Another version
20%
9 Like a Dream Come True
20%
38 Like a Dream Come True | inside the Cinema
20%
33 Like a Dream Come True | in the Labyrinth
20%
9 Like a Dream Come True | Never More version
20%
23 Sauna
20%
Persona 3 Portable 1 Soul Phrase
20%
9 Soul Phrase | Long version
20%
51 Soul Phrase | Opening version
20%
43 Alone
18%
95 Ark
18%
17 Brand New Days
18%
2 Brand New Days | The Beginning
18%
31 Brand New Days | Yuyoyuppe Remix
18%
52 | 53 Nyx
18%
26 Pull the Trigger
18%
21 Paulownia Mall
17%
54 Paulownia Mall | inside the Cinema
17%
20 Paulownia Mall | in the Labyrinth
17%
42 Best Friend
15%
27 | 45 Long Way
15%
5 New Days
15%
12 Smile
15%
83 Sweatshop
15%
84 Sweatshop | Another version
15%
8 | 10 Unavoidable Battle
15%
14 Unavoidable Battle | Power mix
15%
4 3/31
14%
25 Fog | ATLUS Konishi Remix
14%
35 GROOVY | Full version
14%
Persona 5: Dancing in Starlight & Persona 3: Dancing in Moonlight 1 GROOVY | Opening version
14%
6 Interrogation Room
14%
55 Life Goes On
14%
46 Omen
14%
28 Striptease
14%
47 Corridor
13%
109 Hoshi To Bokura To
13%
108 Hoshi To Bokura To | Piano version
13%
47 | 48 Memories of the School
13%
91 Memories of the School | inside the Cinema
13%
46 Sunset Bridge
13%
8 What you wish for
13%
60 Alleycat
11%
65 Alright
11%
62 Alright | Elp version
11%
7 A Sky Full of Stars
11%
13 | 51 | 52 Battle Hymn of the Soul
11%
29 Battle Hymn of the Soul | Daisuke Asakura Remix
11%
Persona 5 The Animation 1 Break Into Break Out
11%
60 Cinematic Tale
11%
40 Cinematic Tale | Duo
11%
21 Cinematic Tale | Solo
11%
34 Counter Strike
11%
16 | 17 Darkness
11%
3 Escape
11%
89 Escape | Another version
11%
20 Light the Fire Up in the Night | DARK HOUR + MIDNIGHT
11%
26 Light the Fire Up in the Night | DARK HOUR + MIDNIGHT | sasakure.UK Remix
11%
42 My Homie
11%
5 | 27 Regret
11%
Persona 5 Tactica 1 Revolution in your Heart
11%
106 Swear to My Bones
11%
31 Swear to My Bones | inside the Cinema
11%
41 Tanaka's Amazing Commodities
11%
8 | 12 Tension
11%
49 The Genesis
11%
31 The Path is Open
11%
38 The Path is Open | P4 version
11%
5 True Story
11%
26 True Story | ATLUS Kozuka Remix
11%
9 True Story | Rise Kujikawa & Marie version
11%
17 True Story | Rise Kujikawa version
11%
Persona 5: The Phantom X (2024) 1 Ambitions and Visions
10%
21 Ambitions and Visions | Opening Movie Version
10%
33 A New World Fool
10%
34 Basement
10%
49 Crossroads
10%
5 Dark Sun...
10%
16 | 53 | 54 Determination
10%
22 Electronica in the Velvet Room
10%
40 How Much?
10%
34 How Much? | in the Labyrinth
10%
8 Hymn of the Soul
10%
28 Hymn of the Soul | T.Komine Remix
10%
17 Invitation to Freedom
10%
33 Key Plus Words
10%
49 Key Plus Words | Atlus Konishi Arrange
10%
30 Key Plus Words | Opening version
10%
37 Living With Determination
10%
48 Living With Determination | Iwatodai Dormitory Arrange
10%
15 Living With Determination | Mellow Velvet mix
10%
10 Maya's Theme | Reload
10%
10 Meeting
10%
107 Our Beginning
10%
35 Period
10%
Persona 4 The Animation 1 Sky's the Limit
10%
2 Strikers
10%
2 Theater
10%
89 Theater | Closing
10%
28 The Collapse of Lust
10%
32 The Path Was Closed
10%
8 The Snow Queen
10%
44 The Snow Queen | ATLUS Tsuchiya Remix
10%
12 | 14 The Voice Someone Calls
10%
3 The Voice Someone Calls | in the Labyrinth
10%
44 Towards a Dream | Piano version
10%
19 Triumph
10%
18 A Deep Mentality | Lotus Juice Remix
8%
15 | 17 After the Battle
8%
2 Beauty of Destiny
8%
29 Beauty of Destiny | ED version
8%
25 Blood of Villain
8%
47 Days of Sisters
8%
30 Deep Mentality
8%
18 Got Your Tail
8%
40 Have a Short Rest
8%
20 It's Showtime!
8%
18 It's Show Time
8%
105 Jaldabaoth
8%
36 Junes Theme
8%
14 Junes Theme | Vocal Remix
8%
13 Laser Beam
8%
33 Laser Beam | Persona Super Live P-Sound Bomb !!!! 2017
8%
63 New Beginning
8%
93 New Beginning | inside the Cinema
8%
32 Next Chance to Move On | Opening version
8%
13 Now I Know | Yu Miyake Remix
8%
14 Our Moment
8%
36 Our Moment | Full version
8%
11 Peace
8%
46 Remember, We Got Your Back
8%
85 Run, Run, Run!
8%
50 Suspicion
8%
50 The Battle for Everyone's Souls | Persona Super Live P-Sound Bomb !!!! 2017
8%
20 The Meaning of Armbands
8%
Persona 3 The Movie #4: Winter of Rebirth 1 Truth
8%
52 Waiit and See
8%
3 Welcome to the Limousine
8%
12 A Fool or Clown?
7%
40 Afternoon Break
7%
3 After School
7%
16 Best Friends | Banvox Remix
7%
58 Best Friends | Opening version
7%
5 Blind Alley
7%
8 Danger Zone
7%
11 Desert of Doors
7%
99 Desire
7%
102 Freedom and Peace
7%
39 Kyoto
7%
6 Prison Labor
7%
18 Talk
7%
13 | 15 tartarus_0d01
7%
21 | 22 tartarus_0d02
7%
29 Tartarus_0d03
7%
28 tartarus_0d03
7%
38 tartarus_0d04
7%
49 | 50 tartarus_0d06
7%
61 The Collapse of Wrath
7%
2 The Junes Hero
7%
5 | 6 Troubled
7%
37 Truth or Dare
7%
27 Warm Feeling | inside the Cinema
7%
10 Who's There?
7%
43 Wicked Plan
7%
30 Youthful Lunch
7%
32 Zone Time
7%
31 Anti HERO
6%
22 Battle for Everyone's Souls | P4 Arena Ultimax version
6%
80 Break it Down
6%
66 Break it Down | Elp version
6%
4 Break it Down | inside the Cinema
6%
24 | 25 Calamity
6%
72 Crane Game
6%
6 | 7 | 57 Crisis
6%
33 Dazzling Smile | ED version
6%
28 Dazzling Smile | Marie version
6%
2 Dazzling Smile | Shihoko Hirata version
6%
87 Disquiet
6%
30 Endless Days
6%
10 Endless Days | ATLUS Kitajoh Remix
6%
8 Fearful
6%
23 | 24 Fearful Experience
6%
35 Fireworks
6%
64 Hawaii
6%
3 Infinity
6%
4 Kichijoji 199X
6%
5 Mementos: Upper Area
6%
56 Memories of Summer
6%
44 | 45 Mistic
6%
19 Muscle Blues
6%
3 Opening Act
6%
46 Opening | Opening version
6%
18 p3ct004_01
6%
7 Run Away!
6%
81 So Boring
6%
41 Suspicious Person
6%
42 tartarus_0d05
6%
3 This Mysterious Feeling
6%
15 Time Castle | Reload
6%
25 Today
6%
86 Accident on-Air
4%
2 Autonomy
4%
56 Because I Will Protect You
4%
88 Colorful World | Finale
4%
49 Corner of Memories | inside the Cinema
4%
18 Crossover
4%
Persona 3 The Movie #2: Midsummer Knight's Dream 1 Fate is in Our Hands
4%
41 Fate is in Our Hands | Persona 3 The Movie Special Edition version
4%
30 Freedom Buzz Dance
4%
90 Getaway | Another version
4%
2 Glimpse of a Memory
4%
29 Glimpse of a Memory | in the Labyrinth
4%
27 Memories of School | in the Labyrinth
4%
14 More Than One Heart
4%
39 More Than One Heart | Persona 3 The Movie Special Edition version
4%
2 Our Revolution
4%
8 Pink Sniper
4%
12 Pressure
4%
22 Quelorie Magic!
4%
31 Star Forneus
4%
78 Tanaka's Shady Commodities
4%
7 Tender Feeling
4%
101 The Collapse of Pride
4%
95 The Night We Stood
4%
14 Time Castle
4%
39 Traumerei
4%
5 Wake Up Your Hero
4%
6 Wake Up Your Hero | Instrumental Version
4%
4 With the Stars and Us | tofubeats Remix
4%
27 Adventured Act
3%
22 Bad Feeling
3%
91 Betrayer
3%
10 Between Doors
3%
70 Big Bang Burger March
3%
16 Border of Insanity
3%
21 Calystegia
3%
94 Colorful World
3%
90 Colorful World | Piano version
3%
104 Confrontation
3%
4 Corn Dog
3%
14 Deduction
3%
44 Deduction | Alone version
3%
41 Demiurge I:Exodus
3%
26 During the Exams...
3%
25 During the Exams
3%
52 Electronica of the Soul
3%
103 Erosion
3%
4 Everyday Sunshine
3%
26 Everyone loves 1989
3%
5 Getaway & Arrest
3%
23 Have a Break in the South
3%
32 Hideout -⁠2nd⁠-
3%
51 High Pressure
3%
5 Home
3%
27 Inextinguishable
3%
6 Interstice of Time
3%
11 Iwatodai Dorm -Reload-
3%
36 Jail in Abyss
3%
49 Kimi no Kioku
3%
14 Mass Destruction -Reload-
3%
58 Memories of You -Reload-
3%
22 Mission
3%
32 Moonlight Serendipity
3%
6 Mr. Easy-Going Man
3%
30 Nothing is Promised
3%
92 Nothingness...?
3%
73 Planetarium
3%
34 Power Intuition
3%
4 Princess Amagi
3%
36 Pro Golfer Sarutahiko
3%
32 Punch Ouch
3%
93 Quiet Storm
3%
44 Recollection
3%
71 Revolution is a Blade
3%
28 Sadness
3%
15 | 16 Seal
3%
7 Seeker of Truth
3%
11 Shadow Loop
3%
12 Shadow Loop | Instrumental Version
3%
25 Singularity
3%
9 Snow Queen's Theme | Reload
3%
15 Sophia's SHOP
3%
46 Strength of Heart
3%
37 Strength of Heart | P4 version
3%
84 The Calm
3%
11 Their Own Past
3%
20 The Poem of Everyone's Soul
3%
42 The Poem of Everyone's Soul | Music Box
3%
4 This Strange Feeling
3%
78 To My Dear, So Far Away
3%
39 Tower of Life
3%
57 Treading on Scorched Sand
3%
93 Trick
3%
71 Triple Seven
3%
12 Vacation
3%
75 Welcome Home, Master!
3%
68 What's Going On?
3%
13 Ying Yang
3%
64 Abyss of Despair
1%
18 Action
1%
17 Action | Intro
1%
53 Affair of Honor
1%
7 AI and Heart
1%
20 Ain't Nobody Can Hold Me Down
1%
15 Alone in this World
1%
8 Alone in this World | Piano version
1%
62 Alter Ego
1%
40 Amusement Park of Trauma
1%
65 And Thus, a God Descends
1%
23 An Unpleasant Premonition
1%
66 A Train Soaring Through the Heavens
1%
36 At the Castle Town
1%
22 Beach Time!
1%
5 Beneath the Mask -⁠Tactica⁠-
1%
9 Beyond Uncertainty
1%
58 Blues of the Soul
1%
3 Bring It
1%
29 Calm
1%
20 Camping Night
1%
14 Camping Trip
1%
38 Castle of Contraptions
1%
55 Catastrophe
1%
53 Changing Me
1%
54 Changing Me | A Music Box
1%
3 Confessions
1%
7 Confessions | Arrange version
1%
59 Confronting Darkness
1%
51 Connected
1%
28 Counterfeit Phantom
1%
Persona 3 The Movie #1: Spring of Birth 1 Daily Life
1%
79 Days Gone By
1%
17 Deep Breath Deep Breath -Reload-
1%
42 Demiurge II:Negai
1%
63 Despair Incarnate
1%
77 Destinyland
1%
31 Detective in Love | ED version
1%
56 Disquiet -⁠Tactica⁠-
1%
21 Donut
1%
45 Dream of Butterfly | Opening version
1%
55 | 56 Enduring Bonds
1%
4 Evil Devices
1%
45 Face Forward
1%
32 Falling Down
1%
13 Fall Out
1%
42 Feudal Lord
1%
38 Finale
1%
12 Glimpse of the Past
1%
35 Got Your Tail - another version
1%
48 Hell Beyond the Door
1%
61 Her Name Is...
1%
15 Hideout -⁠1st⁠-
1%
46 Hideout-⁠3rd⁠-
1%
67 Hideout -⁠VT⁠-
1%
24 Hm?
1%
74 Home Electronics Store
1%
54 Hopeless
1%
96 Impromptu for the Next Prime Minister
1%
58 Inescapable Curse
1%
69 Inextinguishable - another version
1%
20 Inside the Castle
1%
83 Intermission
1%
49 In the School
1%
11 Into the Metaverse
1%
36 It's Alright...
1%
75 Kindness
1%
11 Kiss of Love
1%
35 Legend of Gambla Goemon
1%
3 Let's Hit the Beach
1%
30 Liberation
1%
13 Light in Starless Sky
1%
16 Light in Starless Sky | Instrumental
1%
3 Like A Dragon!
1%
94 Limitless Pride
1%
9 Maiya Theme
1%
10 Make Way for Lady Marie!
1%
26 Master of the Castle
1%
3 Maxim
1%
47 Memories of Sin
1%
43 Memory from 10 Years Ago
1%
82 Mental Shutdown
1%
7 Midnight Channel
1%
39 Mysteriously
1%
21 Mysterious Prisoner
1%
Persona 3 The Movie #3: Falling Down 1 One Determination
1%
77 Ordinary Days
1%
3 P4A Main Theme
1%
9 Peace -Reload-
1%
9 Persona Invocation
1%
82 Praise
1%
80 Prison Labor -2023-
1%
44 Proof
1%
60 Proof of Our Bonds
1%
11 Puzzling
1%
7 Recollection & Foreboding
1%
15 Revelations: Mitsuo
1%
50 Searching for the Key
1%
41 Seriousness
1%
21 Someone Else's Man
1%
7 Sorrow
1%
13 Studio Backlot
1%
81 Tall Order
1%
50 That Which Comes From The Darkness
1%
6 The Abyss of Time
1%
3 The Beginning
1%
15 The Joker
1%
14 The One Who Will See You Overthrow
1%
68 The Path to God
1%
76 The Path You Believe In
1%
45 The Power of the Heart
1%
43 The Price of Rebellion
1%
23 The Shining Flag of Freedom
1%
67 The Spirit
1%
25 The Time for Revolution Has Come
1%
52 The True Sinner
1%
10 The Wandering Wolf
1%
36 This is How It Should Be...
1%
76 Time to Repent
1%
21 To the South
1%
31 To the Tower of Oppression
1%
57 Tragedy
1%
33 Train of Life
1%
51 Uncertainty
1%
33 Under Surveillance
1%
4 Want To Be Close -Reload-
1%
47 We Are One and All
1%
51 What Lies in the Darkness
1%
10 When The Moon's Reaching Out Stars -Reload-
1%
70 Will of God
1%
9 Youthful Spirit
1%
97 A Burden
0%
8 A Different World
0%
11 A Downfall
0%
22 A Hero Appears Behind Time
0%
37 AI Heart
0%
43 AI Heart | Another version
0%
25 A・I・K・A
0%
10 A Little
0%
11 all of the full moon
0%
52 A Map to Tomorrow
0%
12 A Mere Two Persona Audience
0%
68 Amusing World
0%
16 And Destiny
0%
5 Anime 01
0%
25 Anime 04
0%
58 Anime 10
0%
77 Anime 12
0%
45 Another World
0%
98 A Promise Between the Two
0%
5 A Pure Hearted Beast
0%
92 Artist of Death
0%
10 Awoke his Name
0%
48 Battle in the Clock Tower
0%
7 Because We're Friends
0%
26 Before the Silence
0%
27 Birth
0%
85 Blacksmithing
0%
23 Blind City
0%
24 Blind City | Another version
0%
16 Blood Red Moon
0%
26 Blood Red Moon | Blade mix
0%
51 Blue Sky
0%
38 Bonfire
0%
96 Breakthrough
0%
7 Broken Arrow
0%
8 Broken Arrow | Another Version
0%
18 Burned to Inferno
0%
55 Burn My Dread -Last Battle Reload-
0%
18 By Any Chance
0%
42 Car Chase
0%
9 Castor
0%
7 Century Drive
0%
33 Changing Seasons -Reload-
0%
7 Cheerful
0%
69 childhood
0%
61 Coffee Break
0%
7 Comes to a Showdown
0%
47 Confronting the Past
0%
46 Confused Smog
0%
15 Core Dark
0%
30 Crazy Shadow
0%
13 Cruelty
0%
40 Current Net Price Tanaka | ATLUS Kozuka version
0%
8 Dangerous Pair
0%
67 Dark Shadow
0%
29 Deep Mentality -Reload-
0%
13 Deep Zone
0%
9 Delight you could meet
0%
3 Desire Surrender
0%
2 Desperation
0%
26 Detachment
0%
16 Devil's Castle
0%
19 Diiscouragement
0%
99 Disciple of God
0%
28 Disturbance The One Called From Beyond
0%
22 Divine
0%
76 Doe's Identity
0%
79 Doors
0%
6 Dropped in Jail
0%
19 Eating Waltz
0%
45 Empty Words
0%
10 Endless Explore
0%
19 End of the Operation
0%
85 Enlil
0%
12 Equilibrium
0%
43 Eternal
0%
8 Everyone at the First New Year's Shrine Visit
0%
22 Evil Spirit Club
0%
63 Examination Game
0%
19 Fake Idol
0%
9 Falling into Right Places
0%
9 Fatal Desire
0%
24 Fight Alone
0%
20 Fight! Oh!
0%
78 Film
0%
36 F.O.E
0%
13 Forest Capital
0%
13 For Life
0%
4 Found a Light
0%
26 Fragments of Remembrance
0%
21 Freedom Overflows
0%
3 Friendly Conflict
0%
41 Friendly Talk
0%
43 Funny Friends
0%
23 Get A Triple S!
0%
17 Get Carried Away
0%
11 Girl of the Empty Forest
0%
4 Golden Days
0%
10 Grieve
0%
16 Group Date Cafe
0%
6 Grudge
0%
9 Guess the Incident
0%
24 Guy!
0%
40 Healing
0%
14 Heart Wavers
0%
14 He is Justice, Justice is him
0%
81 Hero and Heroine
0%
70 Hikari is Bad!
0%
36 Honest Feeling
0%
23 Honey's Valley
0%
39 Hot Chase
0%
11 How Come
0%
48 Hunted, Hunting
0%
90 I Am Here!
0%
13 Illusion?
0%
24 I'm Here
0%
12 Impatience
0%
35 Inaba Pride Exhibit
0%
38 Incident
0%
17 Infiltrate
0%
8 Infinity Possible
0%
53 Infiniy | ED version
0%
27 Inn for Rest
0%
20 Interruption
0%
94 In the Back Alley
0%
6 IT'S TOO LATE
0%
75 I Will Make You Normal
0%
57 I Will Protect You -Reload-
0%
19 I Wish
0%
15 Jingle Bell
0%
44 Jungle Quest
0%
45 Jungle Quest | Another version
0%
25 Just like the Wind
0%
6 Just Like the Wind | Instrumental
0%
50 Just One Word
0%
25 key to a mystery
0%
16 Kung Fu
0%
7 Labyrinth Culture Festival
0%
66 LaLaLa Goodbye Personality!
0%
82 Last Scene
0%
14 Last Strike
0%
15 Last Strike | Instrumental Version
0%
42 Let's Go! Phoenix Ranger Featherman | TV Animation version
0%
10 Light the Fire Up in the Night "DARK HOUR"
0%
30 Light the Fire Up in the Night "MIDNIGHT CHANNEL"
0%
37 Like-Minded People
0%
49 Living With Determination -Iwatodai Dorm Arrangement-
0%
19 Longing and Instinct
0%
14 Lost Control
0%
35 Love Detective
0%
10 Love to Wonderland
0%
3 Magician
0%
73 Mastermind
0%
18 Master of Shadow -Reload-
0%
35 Master of Tartarus -Reload-
0%
5 Mechanical feelings
0%
44 Memories from 10 Yeas Ago -Confrontation-
0%
43 Memories from 10 Yeas Ago -Recollection-
0%
41 Memories of Time
0%
59 Memories of You -Reload Instrumental-
0%
6 Midnight Crossing Miracle Quiz
0%
11 Missions For the Brilliant Executioner
0%
8 Mode Orgia
0%
87 Monotone
0%
80 Movie Prison
0%
20 My Eyes Only
0%
5 My Testimony
0%
13 My Testimony | Instrumental
0%
13 Never More ~Welcome Home~
0%
92 Nevertheless...
0%
Persona 4 The Golden Animation 1 Next Change to Move On
0%
4 Next move
0%
9 Next Move | Arrange version
0%
74 Obscure World
0%
37 Ominous Signs
0%
19 One Hand, One Heartbeat
0%
10 One Hand, One Heartbeat | Arrange version
0%
5 One Single Word
0%
65 Our Strength
0%
6 Out of Mere Play
0%
39 P4A Fanfare
0%
36 Paradise and Survival
0%
16 Paradisum
0%
59 Party, Party
0%
4 Past of Ambition
0%
19 Paulownia Mall -Reload-
0%
4 Peaceful Message
0%
72 Peace to All Souls
0%
71 Peculiar World
0%
72 Peculiar World | Another version
0%
5 Perfect Plan
0%
6 Persona Summoners
0%
33 Persona - Terminal
0%
3 Perturbation
0%
22 Popcorn
0%
34 Procession for the Buddha of Love
0%
43 Promise
0%
14 Prospect
0%
4 Protean
0%
100 Providence
0%
5 PU02
0%
13 PU04
0%
10 PU05
0%
11 PU06
0%
4 PU09
0%
7 PU12
0%
17 PU14
0%
19 PU15
0%
12 Pure One Heart
0%
88 Puzzlement
0%
11 Recollections
0%
102 Repaint Your Heart
0%
11 Resuscitation
0%
6 Reunion
0%
12 Reverse Big Battle
0%
74 Revolution in your Heart - instrumental
0%
86 Revolution in your Heart - short version
0%
62 Robot Lab
0%
41 Romeo and Juliet and Hamlet
0%
2 Scheme
0%
24 See You Next Time!
0%
4 Self Disguise
0%
4 Self Redemption
0%
10 Sense of Isolation
0%
12 Sentence
0%
11 Shadow in Wonderland
0%
9 Shadow Labrys
0%
7 Sightseeing
0%
23 Signal Fire of a Counterattack
0%
28 Sky's the Lmit | Opening version
0%
3 Sound of the Beast
0%
16 Speculation and Strategy
0%
8 Spirited Girl
0%
9 Steamy Travelling Mood Epic Battle
0%
8 Storm for a Butterfly
0%
89 Strangers
0%
5 Strange School
0%
91 Strange World
0%
15 Stuffed Toy
0%
17 Such a Fool
0%
24 Summer Night Raid
0%
28 Suppression
0%
47 Survival Competition
0%
15 Suspicious Sign
0%
9 Sweets and Cards
0%
55 Synchronized City
0%
56 Synchronized City | Another version
0%
17 TAKOYAKI
0%
41 Tanaka's Amazing Commodities -Reload-
0%
101 Tao
0%
32 Tea Break
0%
28 Tears of Eternity
0%
6 Teddie Circus!
0%
2 Temporary Vacation
0%
6 Temporary Vacation | Arrange version
0%
73 That's Right, Right?
0%
48 The Bond of Everyone's Soul
0%
49 The Infinite
0%
50 Theme of A.I.G.I.S
0%
35 Theme of Junessic Land
0%
87 The Night We Stood - title version
0%
34 The Poem of Everyone's Soul - The End
0%
18 The Show is Over
0%
5 The Strange World
0%
86 The Tempest
0%
34 The Way of Memories | Kizuna no Chikara
0%
21 Things Left Behind
0%
40 Threat Approaching
0%
9 Thrilling
0%
31 Time for True Revelation
0%
46 Time's Footsteps
0%
10 To the Cinema
0%
45 To Wish
0%
18 Trigger
0%
29 Truth is Hidden into Fog
0%
13 Truth or Lies
0%
14 Twinkle☆Star
0%
19 Twins in the Preview Room
0%
3 Two Hearts
0%
47 Unbreakable Tie | Opening version
0%
32 Unlock
0%
44 Unmask a Person
0%
39 Unmasking
0%
2 Unquiet
0%
37 Voice | ATLUS Tsuchiya Remix
0%
10 Warm Heart
0%
8 Warm Heart | Arrange version
0%
31 Way to Go!
0%
16 Welcome to KamoCity
0%
9 Welcome to the Jail
0%
2 We're Here Now
0%
83 What Awaits?
0%
12 Wild Buisness♪
0%
2 Written in the Sea
0%
21 XOXO for You ♥
0%
6 You in Wonderland
0%
18 Your Future
0%
23 You Shouldn't Be Here
0%
No matching quizzes found
Score Distribution
Percent of People with Each Score
Percentile by Number Answered
Your Score History
You have not taken this quiz since the last reset